Catalog

Record Details

Catalog Search



Ty a on ; Ty a ona  Cover Image Book Book

Ty a on ; Ty a ona / Tomáš Malý

Record details

  • Physical Description: 238 s. ; 18 cm
  • Edition: 2., nezm. vyd.
  • Publisher: Řím : Velehrad, 1979

Available copies

  • 1 of 1 copy available at Common Catalog SPOK.

Holds

  • 0 current holds with 1 total copy.
Show Only Available Copies
Location Call Number / Copy Notes Barcode Shelving Location Status Due Date
Jabok Library PT-7.3 424480009253 Odborná literatura Available -

LDR 00676nam a22002291a 4500
00113609
003CZ-PrJAB
00520191106131758.0
008990122s1979 xr ||| | cze
015 . ‡acnb000878809
035 . ‡a(CZ PrNK)gk62191218
040 . ‡aABA001 ‡bcze ‡cABA001 ‡dABA001
1001 . ‡aMalý, Tomáš, ‡d1899-1992 ‡7jo2013774596 ‡4aut
24510. ‡aTy a on ; ‡bTy a ona / ‡cTomáš Malý
250 . ‡a2., nezm. vyd.
260 . ‡aŘím : ‡bVelehrad, ‡c1979
300 . ‡a238 s. ; ‡c18 cm
4901 . ‡aKřesťanská akademie ; ‡vSv. 55
74002. ‡aTy a ona
830 0. ‡aKřesťanská akademie
910 . ‡aABG312
995 . ‡aska
901 . ‡a13609 ‡bCZ-PrJAB ‡c13609 ‡tbiblio

Additional Resources